[Event "BAN-chT 1st League"]
[Site "Dhaka"]
[Date "2021.03.07"]
[Round "11.2"]
[White "Aditya, Chatterjee"]
[Black "S, M Sharon"]
[Result "0-1"]
[WhiteElo "1849"]
[BlackElo "2095"]
[PlyCount "78"]
[EventDate "2021.02.25"]
[EventType "team-tourn"]
[EventRounds "11"]
[EventCountry "BAN"]
[SourceTitle "EXT 2022"]
[Source "ChessBase"]
[SourceDate "2021.10.06"]
[SourceVersion "1"]
[SourceVersionDate "2021.10.06"]
[SourceQuality "1"]
[WhiteTeam "Mir CC"]
[BlackTeam "Manha's Castle"]
[WhiteTeamCountry "BAN"]
[BlackTeamCountry "BAN"]

1. e4 d6 2. d4 g6 3. Nc3 Bg7 4. Be3 a6 5. f4 b5 6. a3 Bb7 7. Be2 Nd7 8. Bf3 e5 9. Nge2 Ngf6 10. Qd2 0-0 11. 0-0-0 Re8 12. Ng3 Qc8 13. dxe5 dxe5 14. f5 Bc6 15. Bh6 a5 16. h4 b4 17. Nb1 bxa3 18. Nxa3 Qb7 19. Bxg7 Kxg7 20. h5 Rab8 21. Nc4 Qb4 22. Qxb4 axb4 23. Ne3 Ra8 24. Ng4 Nxg4 25. Bxg4 Nc5 26. Bf3 Ra1+ 27. Kd2 Ra2 28. Rb1 Rd8+ 29. Kc1 b3 30. cxb3 Nxb3+ 31. Kc2 Nd4+ 32. Kc3 Rb8 33. b4 Rba8 34. Rhc1 Bb5 35. Bd1 R8a6 36. Rc2 Rc6+ 37. Kd2 Nxc2 38. Bxc2 Rcxc2+ 39. Ke3 Ra3+ 0-1

[Event "BAN-chT 1st League"]
[Site "Dhaka"]
[Date "2021.03.03"]
[Round "7.2"]
[White "Aditya, Chatterjee"]
[Black "Alam, Mahbubul"]
[Result "1/2-1/2"]
[WhiteElo "1849"]
[BlackElo "1980"]
[PlyCount "32"]
[EventDate "2021.02.25"]
[EventType "team-tourn"]
[EventRounds "11"]
[EventCountry "BAN"]
[SourceTitle "EXT 2022"]
[Source "ChessBase"]
[SourceDate "2021.10.06"]
[SourceVersion "1"]
[SourceVersionDate "2021.10.06"]
[SourceQuality "1"]
[WhiteTeam "Mir CC"]
[BlackTeam "Morning Glory"]
[WhiteTeamCountry "BAN"]
[BlackTeamCountry "BAN"]

1. e4 c5 2. Nf3 d6 3. Bb5+ Bd7 4. Bxd7+ Qxd7 5. c4 Nc6 6. Nc3 g6 7. d4 cxd4 8. Nxd4 Bg7 9. Be3 Nf6 10. f3 Ne5 11. Qe2 Nc6 12. Qd1 Ne5 13. Qe2 Nc6 14. Qd1 Ne5 15. Qe2 Nc6 16. Qd1 Ne5 1/2-1/2